000 00738nam a22002297a 4500
001 27598
003 UA-OsUOA
005 20210729153723.0
007 ta
008 20040908b un ||||| |||| 00| 0 ukr d
020 _a9668066294
040 _aUA-OsUOA
_cUA-OsUOA
_dUA-OsUOA
_bukr
041 _aukr
080 _a821.161.2(075.3)
090 _a821.161.2(075.3)
_bН59
245 _aНепочаті рудники: твори І. С. Нечуя-Левицького
_bнавч. посібник: в 2-х книгах
_cупор., пердм. і комент. Ю. Ф. Ярмиша
_nКн. 2
260 _aКиїв
_bГрамота
_c2003
300 _a536 с.
650 7 _2UDC
_a82 Література
942 _cBK
_2udc
955 _a2
999 _c313947
_d313947